书目信息 |
| 题名: |
六西格玛实施指南
|
|
| 作者: | 布雷弗格三世 著 ;陈运涛 译 | |
| 分册: | ||
| 出版信息: | 北京 中国人民大学出版社 2003 |
|
| 页数: | 249 | |
| 开本: | 21cm | |
| 丛书名: | 国际质量译丛 | |
| 单 册: | ||
| 中图分类: | F243.2 | |
| 科图分类: | ||
| 主题词: | 劳动经济 | |
| 电子资源: | ||
| ISBN: | 7-300-05061-1 | |
| 000 | 00782nam0 2200229 450 | |
| 001 | 0753815641 | |
| 005 | 20070930145655.64 | |
| 010 | @a7-300-05061-1@d¥29.00 | |
| 100 | @a20070930d km y0chiy0120 ea | |
| 101 | 0 | @achi |
| 200 | 1 | @a六西格玛实施指南@Aliu xi ge ma shi shi zhi nan@e战略视角与管理方法@f布雷弗格三世等著@Fbu lei fu ge san shi deng zhu@g陈运涛译@Gchen yun tao yi |
| 210 | @a北京@c中国人民大学出版社@d2003 | |
| 215 | @a249@d21cm | |
| 225 | 2 | @a国际质量译丛 |
| 410 | 0 | @12001 @a国际质量译丛 |
| 517 | 1 | @a战略视角与管理方法@Azhan lue shi jiao yu guan li fang fa |
| 606 | 0 | @a劳动经济 |
| 690 | @aF243.2@v3 | |
| 701 | 0 | @a布雷弗格三世@Abu lei fu ge san shi@4著 |
| 702 | 0 | @a陈运涛@Achen yun tao@4译 |
| 801 | 0 | @aCN@bPFT@c20070930 |
| 905 | @a213230@dF243.2@eg345@f1 | |
| 六西格玛实施指南:战略视角与管理方法/布雷弗格三世等著/陈运涛译.-北京:中国人民大学出版社,2003 |
| 249;21cm.-(国际质量译丛) |
| ISBN 7-300-05061-1:¥29.00 |
| ● |
| 相关链接 |
|
|
|
|
正题名:六西格玛实施指南
索取号:F243.2/g345
 
预约/预借
| 序号 | 登录号 | 条形码 | 馆藏地/架位号 | 状态 | 备注 |
| 1 | 6504326 | 265043268 | 密集书库-海洋学院/ [索取号:F243.2/g345] | 在馆 |